000 00257nam a2200097Ia 4500
001 887422
005 20250826182835.0
008 250824s9999 xx 000 0 und d
245 0 _aBOZKIRIN EFENDİSİ CENGİZ HAN
_cMEHMET S. FETHİ
260 _bPANAMA YAYINLARI
999 _c887422
_d887422